000 00809nam a2200229 a 4500
001 49566
003 BD-RjUL
005 20211209054709.0
008 160821s1968 BG |||| |||| 00|benbbend
020 _c: Tk. 4.50
035 _a(BD-RjUL)49685
040 _aBD-RjUL
_bben
_cBD-RjUL
041 _aben
082 _223
_a891.443
_bRAT 1968
100 1 _a রহমান, আবদুর
_9148000
245 1 0 _aত্রিকাল আন্তর্জাতিক হোটেল /
_cআবদুর রহমান
260 _aঢাকা :
_bআখতারী রহমান 'সুনীপা',
_c১৯৬৮
300 _a[৬], ১১৫ পৃ. ;
_b২১ সেমি.
650 _aবাংলা উপন্যাস
_9148001
650 _aBengali Fiction
_9148002
942 _2ddc
_cBK
999 _c49566
_d49566